Multiplet structure of atoms and molecules
Guardat en:
| Autor principal: | |
|---|---|
| Format: | Llibre |
| Idioma: | anglès |
| Publicat: |
Filadelfia
Saunders
1965
|
| Col·lecció: | Serie Studies in Physics and Chemistry
|
| Matèries: | |
| Etiquetes: |
Afegir etiqueta
Sense etiquetes, Sigues el primer a etiquetar aquest registre!
|
MARC
| LEADER | 00000nam a2200000 a 4500 | ||
|---|---|---|---|
| 001 | UCP0517 | ||
| 003 | CL-VaPUC | ||
| 008 | 990313e19650000US |||||||||||||||||eng|d | ||
| 082 | 0 | 4 | |a 539.1 |b STE |2 21 |
| 100 | 0 | |a Stevenson, Richard |e author |9 425838 | |
| 245 | 1 | 0 | |a Multiplet structure of atoms and molecules |
| 300 | |a 190 p | ||
| 942 | |c BK | ||
| 945 | |d 19990313 00:00:00 |a aarredon | ||
| 260 | |a Filadelfia |b Saunders |c 1965 | ||
| 650 | 0 | |a Física |9 227844 | |
| 650 | 0 | |a Átomos |9 259583 | |
| 650 | 0 | |a Moléculas |9 259584 | |
| 650 | 0 | |a Teoría de grupos |9 270028 | |
| 583 | |a last modification |c 19990313 00:00:00 |k Rodrigo Vera | ||
| 490 | 0 | |a Serie Studies in Physics and Chemistry | |
| 999 | |c 279289 |d 279287 | ||